000 03175nam a2200493 i 4500
003 DO-SdBNP
005 20260306091826.0
006 a||||gr|||| 00| 0
008 240725e2024 tr ac||| |||| 00| p spa d
020 _a9786051367309
040 _aDO-SdBNP
_bspa
_cBNPHU
_erda
041 _htr
082 4 _aRD861.408
_bS464p
_222
242 _a
245 0 0 _aSelección de poemas de autores dominicanos= Dominikli sairlerdern bir secki /
_cPedro Mir, Franklin Mieses Burgos, Manuel del Cabral, Norberto James Rawlings, Aída Cartagena Portalatín, René del Risco Bermudez, Salomé Ureña, Virgilio Díaz Ordoñez, Tony Raful, Flavio Amaury Rondón de Jesús, Andrés L. Mateo prólogo, Elvis Antonio Alam Lora.
246 0 1 _aDominikli sairlerdern bir secki
264 1 _aAnkara, Turquía :
_bUniversidad de Ankara. Centro de Estudios Latinoamericanos,
_c2024
300 _ax, 170 páginas :
_bilustraciones, retratos ;
_c24 cm
336 _2rda content
_atexto
_btxt
337 _2rdamedia
_asin mediación
_bn
338 _2rdacarrier
_avolumen
_bnc
490 0 _aPublicaciones de la Universidad de Ankara ;
_v826
500 _aTexto en español y turco
505 _aPresentación.-- Prólogo.
_rPedro Mir /
_tHay un País en el Mundo.-- Ni un Paso Atrás.-- Contracanto a Walt Whitman.--
_rFranklin Mieses Burgos /
_rCanción de la Noche Larga.-- Fábula inefable de la niña Loca.--
_tManuel del Cabral /
_rCompadre Mon.-- América Rota.--
_tNorberto James Rawlings /
_rLos Inmigrantes.-- No tuvo Libros.--
_tAída Cartagena Portalatín /
_rUna mujer está sola.--
_tRené del Risco Bermudez /
_tEl viento Frío.-- Una Primavera para el Mundo.--
_rSalomé Ureña /
_tVirgilio Díaz Ordoñe /
_rLa llegada del Invierno.-- El Acto.-- Coloquio con mi Esqueleto.--
_rTony Raful /
_tAnte una Mujer Desnuda.-- Mirándote Bailando (Fragmentos).-- Cantatas de la Luna en Cofradías de Bohemios Viandantes.--
_rFlavio Amaury Rondón de Jesús /
_t(Tú) Recuerdos del Paraíso.-- La Mujer y el Tiempo.-- Noches sin tí.--
_rAndrés L. Mateo /
_tEl Margen del Venerable Heráclito
546 _aObra en idioma español y turco.
563 _aDos obras publicadas juntas con paginación independiente en encuadernación invertida.
590 _aInventariado 2024 / MF
650 7 _aPoesía dominicana
_2LEMB
_vColecciones
650 7 _aLiteratura dominicana
_vColecciones
_97123
700 1 _aMir, Pedro,
_d1913-2000
_97245
_eautor
700 1 _aMieses Burgos, Franklin,
_d1907-1976
_eautor
_91952
700 1 _aCabral, Manuel del,
_d1907-1999
_923556
_eautor
700 1 _a Rawlings, Norberto James,
_d1945-
_97206
_eautor
700 1 _aCartagena Portalatín, Aída,
_d1918-1994
_923557
_eautor
700 1 _aRisco Bermúdez, René del,
_d1937-1972
_912315
_eautor
700 1 _aUreña de Henríquez, Salomé ,
_d1850-1897
_9920
_eautor
700 1 _aDíaz Ordóñez, Virgilio.
_d1895-1968
_986718
700 1 _aRaful, Tony,
_d1951-
_91377
700 1 _aRondon de Jesús, Flavio Amaury
_d1972-
_986719
700 1 _aMateo, Andrés L.
_d1946-
_9776
700 1 _aAlam Lora, Elvis Antonio,
_eprólogo
_986168
910 _aValidado. Control de calidad MFF
942 _2ddc
_cLBS1
999 _c57359
_d57359